K programu obnovy dediny.

Metodický materiál zameraný na bližšie objasnenie postupu pri zapojení sa do Programu obnovy dediny. Vysvetlenie účelu Programu obnovy, vypracovania miestneho Programu obnovy dediny, náplne miestneho Programu obnovy, prihlášky do tohto programu, prerokovania, schválenia a financovania Programu.

Gespeichert in:
Bibliographische Detailangaben
Format: Buchkapitel
Sprache:Slowakisch
Schlagworte:
Tags: Tag hinzufügen
Keine Tags, Fügen Sie das erste Tag hinzu!

MARC

LEADER 00000naa a2200000 4500
001 r008228
005 20220831085536.8
041 0 |a slo 
044 |a [CS] 
245 1 0 |a K programu obnovy dediny. 
520 |a Metodický materiál zameraný na bližšie objasnenie postupu pri zapojení sa do Programu obnovy dediny. Vysvetlenie účelu Programu obnovy, vypracovania miestneho Programu obnovy dediny, náplne miestneho Programu obnovy, prihlášky do tohto programu, prerokovania, schválenia a financovania Programu. 
610 2 0 |a plánovanie územné 
610 2 0 |a obce 
610 2 0 |a Slovensko 
610 2 0 |a metodika 
610 2 0 |a vidiek